<?xml version="1.0" encoding="UTF-8"?><?xml-stylesheet type="text/xsl" href="static/style.xsl"?><OAI-PMH xmlns="http://www.openarchives.org/OAI/2.0/" xmlns:xsi="http://www.w3.org/2001/XMLSchema-instance" xsi:schemaLocation="http://www.openarchives.org/OAI/2.0/ http://www.openarchives.org/OAI/2.0/OAI-PMH.xsd"><responseDate>2026-04-29T07:24:13Z</responseDate><request verb="GetRecord" identifier="oai:repisalud.isciii.es:20.500.12105/11281" metadataPrefix="marc">https://repisalud.isciii.es/rest/oai/request</request><GetRecord><record><header><identifier>oai:repisalud.isciii.es:20.500.12105/11281</identifier><datestamp>2025-05-26T15:06:41Z</datestamp><setSpec>com_20.500.12105_2052</setSpec><setSpec>com_20.500.12105_2051</setSpec><setSpec>col_20.500.12105_19619</setSpec></header><metadata><record xmlns="http://www.loc.gov/MARC21/slim" xmlns:dcterms="http://purl.org/dc/terms/" xmlns:doc="http://www.lyncode.com/xoai" xmlns:xsi="http://www.w3.org/2001/XMLSchema-instance" xsi:schemaLocation="http://www.loc.gov/MARC21/slim http://www.loc.gov/standards/marcxml/schema/MARC21slim.xsd">
   <leader>00925njm 22002777a 4500</leader>
   <datafield ind2=" " ind1=" " tag="042">
      <subfield code="a">dc</subfield>
   </datafield>
   <datafield ind2=" " ind1=" " tag="720">
      <subfield code="a">Muñoz Carrero, Adolfo</subfield>
      <subfield code="e">author</subfield>
   </datafield>
   <datafield ind2=" " ind1=" " tag="260">
      <subfield code="c">2020-09-28</subfield>
   </datafield>
   <datafield ind2=" " ind1=" " tag="520">
      <subfield code="a">Acaba de publicarse la nueva versión de la serie de normas UNE-EN ISO 13606, sobre comunicación de la historia clínica. Unos documentos que permiten la transferencia de información entre sistemas y que resultan de vital importancia en el panorama científico actual para servir de base a los sistemas de información sanitarios , así como a los repositorios de datos para investigación. La serie de Normas UNE-EN ISO 13606 tiene como objetivo dar soporte a la con- tinuidad asistencial, definiendo una arqui- tectura de información para comunicar la historia clínica de forma que se conserve su significado original, el contexto en que fue creada y la confidencialidad. Su ámbito de aplicación no es únicamente la transferencia de información entre sistemas con objetivos asistenciales. También puede ser muy útil en otros, como se ha visto en la situación actual de la pandemia, como la investigación o la salud pública, creando repositorios de datos de calidad provenientes de fuentes diversas.</subfield>
   </datafield>
   <datafield ind1="8" ind2=" " tag="024">
      <subfield code="a">UNE. La revista de la normalización española. No 28, 2020, 93, 21–23.</subfield>
   </datafield>
   <datafield ind1="8" ind2=" " tag="024">
      <subfield code="a">2605-0013</subfield>
   </datafield>
   <datafield ind1="8" ind2=" " tag="024">
      <subfield code="a">http://hdl.handle.net/20.500.12105/11281</subfield>
   </datafield>
   <datafield ind1="8" ind2=" " tag="024">
      <subfield code="a">UNE. La revista de la normalización española</subfield>
   </datafield>
   <datafield tag="653" ind2=" " ind1=" ">
      <subfield code="a">Normas UNE</subfield>
   </datafield>
   <datafield tag="653" ind2=" " ind1=" ">
      <subfield code="a">Serie UNE-EN ISO 13606</subfield>
   </datafield>
   <datafield tag="653" ind2=" " ind1=" ">
      <subfield code="a">Información clínica</subfield>
   </datafield>
   <datafield ind2="0" ind1="0" tag="245">
      <subfield code="a">Serie UNE-EN ISO 13606, referente en la comunicación de la información clínica</subfield>
   </datafield>
</record></metadata></record></GetRecord></OAI-PMH>